|
|
|
|
| LEADER |
00000nab a2200000 a 4500 |
| 001 |
vtls000741123 |
| 003 |
SK-MaSNL |
| 005 |
20260302193931.0 |
| 008 |
140429c2000 xo 0 slo |
| 015 |
|
|
|a SNBRB2000/12-34808
|
| 035 |
|
|
|a CLN000092965
|
| 040 |
|
|
|a SNKBUCL
|b slo
|c SNKBUCL
|e AACR2
|
| 041 |
0 |
|
|a slo
|
| 044 |
|
|
|a xo
|c SK
|
| 080 |
|
|
|a 904(437.6)"00/03":902
|2 1997
|
| 080 |
|
|
|a 902.2(437.6)
|2 1997
|
| 080 |
|
|
|a 936
|2 1997
|
| 100 |
1 |
|
|a Krekovič, Eduard,
|d 1948-2022
|4 aut
|9 86424
|
| 245 |
1 |
0 |
|a Kniežacie hroby
|c Eduard Krekovič
|
| 300 |
|
|
|b Fotogr.
|
| 504 |
|
|
|a Bibliogr. odkazy
|
| 650 |
0 |
7 |
|a hroby kniežacie
|z Slovensko
|y stor. 1.-4.
|2 snkbucl
|9 913286
|
| 650 |
0 |
7 |
|a Germáni
|z Slovensko
|y stor. 1.-4.
|x hroby kniežacie
|2 snkbucl
|9 913287
|
| 655 |
|
7 |
|a články z novín a časopisov
|2 snkbucl
|9 267496
|
| 773 |
0 |
|
|t Pamiatky a múzeá
|g Č. 3 (2000)
|x 4335-4353
|
| 850 |
|
|
|a Slovenská národná knižnica v Martine
|
| 852 |
|
|
|a SNK
|b KIS3GCP
|
| 958 |
|
|
|a SK
|
| 958 |
|
|
|a NB
|
| 992 |
|
|
|a RBX
|
| 999 |
|
|
|c 1446713
|d 1448643
|